000 00539nam a2200181Ia 4500
003 LK-CoDNM
008 010623t2002 xxu||||| |||| 00| 1 eng d
040 _aLK-CoDNM
_dLK-CoDNM
_eLK-CoDNM
041 _aeng
080 _a303.823 DOR
100 _aDe Alwis,J.M.D.D.J
245 _aA Review Of The Practices And financial Profitability Of Organic Tea Production
260 _bThe Department Of National Planning
_aColombo
_c2002
300 _b53p.;24 cm cm
700 _aDorabawila,B.M.N.K
700 _aHerath,H.M.A.U.K
942 _cBK
999 _c121654
_d121654